Report Chapter 33 (Record no. 696671)

MARC details
000 -LEADER
fixed length control field 00651nam a2200229Ia 4500
003 - CONTROL NUMBER IDENTIFIER
control field OSt
005 - DATE AND TIME OF LATEST TRANSACTION
control field 20220927110422.0
008 - FIXED-LENGTH DATA ELEMENTS--GENERAL INFORMATION
fixed length control field 220926b |||||||| |||| 00| 0 eng d
037 ## - SOURCE OF ACQUISITION
Terms of availability Reports
040 ## - CATALOGING SOURCE
Original cataloging agency RTL
Transcribing agency RTL
Language of cataloging eng
041 ## - LANGUAGE CODE
Source of code eng
Language code of text/sound track or separate title eng
110 ## - MAIN ENTRY--CORPORATE NAME
Corporate name or jurisdiction name as entry element Calcutta University (Commission) (1917-19)
9 (RLIN) 378202
245 #0 - TITLE STATEMENT
Title Report Chapter 33
Remainder of title University of Dacca
650 ## - SUBJECT ADDED ENTRY--TOPICAL TERM
Topical term or geographic name entry element University Education
700 ## - ADDED ENTRY--PERSONAL NAME
Personal name Calcutta University (Commission) (1917-19)
9 (RLIN) 378203
942 ## - ADDED ENTRY ELEMENTS (KOHA)
Classification part T4.2612.N17t
Koha item type

No items available.

Copyright @ Delhi University Library System